[Event "China zt 3.5 2014"]
[Site "Zhongshan CHN"]
[Date "2014.10.26"]
[Round "1.24"]
[White "Wang, Jiaqi"]
[Black "Dai, Changren"]
[Result "0-1"]
[WhiteElo "1844"]
[BlackElo "2283"]
[WhiteFideId "8609128"]
[BlackFideId "8608156"]
[EventDate "2014.10.26"]

1. e4 c5 2. Nf3 d6 3. d4 cxd4 4. Nxd4 Nf6 5. Nc3 Nc6 6. Be3 Ng4 7. Bb5 Nxe3 8.
Nxc6 Nxd1 9. Nxd8+ Kxd8 10. Rxd1 a6 11. Ba4 e6 12. O-O b5 13. Bb3 Kc7 14. f4 Be7
15. Ne2 Bd7 16. f5 Bf6 17. c3 Rae8 18. fxe6 fxe6 19. Nf4 Rhf8 20. Rf2 g5 21. Nh5
Be5 22. Rdf1 Rxf2 23. Rxf2 Re7 24. Rf8 Bc6 25. Nf6 b4 26. cxb4 Bxb2 27. Bc4 Kb7
28. Ng8 Rc7 29. Bxe6 Bd4+ 30. Kh1 Bxe4 31. Rf7 Rxf7 32. Bxf7 Bc3 33. a3 d5 34.
Ne7 d4 35. Bd5+ Bxd5 36. Nxd5 Kc6 0-1

[Event "China zt 3.5 2014"]
[Site "Zhongshan CHN"]
[Date "2014.10.26"]
[Round "1.25"]
[White "Wu, Xibin"]
[Black "Zhou, Xiangheng"]
[Result "1-0"]
[WhiteTitle "IM"]
[WhiteElo "2278"]
[BlackElo "1682"]
[WhiteFideId "8600309"]
[BlackFideId "8607907"]
[EventDate "2014.10.26"]

1. c4 c6 2. Nf3 Nf6 3. e3 d5 4. Qc2 e6 5. b3 Be7 6. Bb2 O-O 7. d4 a6 8. Nbd2
Nbd7 9. Bd3 h6 10. O-O c5 11. Rad1 b6 12. Ne5 Qc7 13. f4 Bb7 14. Ndf3 Rac8 15.
f5 Bd6 16. Qf2 Ne4 17. Qh4 exf5 18. Qh3 Ndf6 19. Nh4 Ng5 20. Qxf5 Rce8 21. cxd5
Bc8 22. Qf2 Nxd5 23. Nhf3 Nxf3+ 24. Qxf3 Nxe3 25. Qxe3 cxd4 26. Qe4 f5 27. Qd5+
Be6 28. Qc6 Bxe5 29. Qxc7 Bxc7 30. Bxd4 Rd8 31. Bxa6 Ra8 32. Rfe1 Bxb3 33. axb3
Rxa6 34. Re7 Rf7 35. Rxf7 Kxf7 36. Bxg7 Bf4 37. Bd4 b5 38. Rf1 1-0

[Event "China zt 3.5 2014"]
[Site "Zhongshan CHN"]
[Date "2014.10.26"]
[Round "1.26"]
[White "Luanchen, Yuantai"]
[Black "Xu, Xiangyu"]
[Result "0-1"]
[WhiteElo "1510"]
[BlackElo "2152"]
[WhiteFideId "8614644"]
[BlackFideId "8608288"]
[EventDate "2014.10.26"]

1. d4 f5 2. c4 Nf6 3. Nc3 g6 4. f3 Bg7 5. e4 d6 6. Be3 O-O 7. Qd2 fxe4 8. fxe4
Ng4 9. Nf3 Nc6 10. Bg1 e5 11. d5 Nd4 12. Nxd4 exd4 13. Bxd4 Bh6 14. Qd3 Qg5 15.
Be2 Bd7 16. Bf3 Nxh2 17. Nd1 Rxf3 18. gxf3 Qg2 19. Nf2 Nxf3+ 20. Kd1 Nxd4 21.
Qxd4 Rf8 0-1

[Event "China zt 3.5 2014"]
[Site "Zhongshan CHN"]
[Date "2014.10.27"]
[Round "2.1"]
[White "Xu, Yinglun"]
[Black "Bu, Xiangzhi"]
[Result "1/2-1/2"]
[BlackTitle "GM"]
[WhiteElo "2410"]
[BlackElo "2710"]
[WhiteFideId "8604940"]
[BlackFideId "8601445"]
[EventDate "2014.10.26"]

1. d4 Nf6 2. c4 c5 3. d5 e5 4. Nc3 d6 5. e4 Be7 6. Be2 O-O 7. Bd2 Ne8 8. Nf3 Bg4
9. O-O Nd7 10. a3 a6 11. Qc2 g6 12. Rfb1 Rc8 13. h3 Bxf3 14. Bxf3 Bg5 15. Be1 f5
16. b4 cxb4 17. Rxb4 b6 18. Be2 Ng7 19. Rab1 Qe8 20. Qa4 a5 21. R4b2 Bd8 22. Qd1
Nc5 23. Qc2 fxe4 24. Nxe4 Nf5 25. Nxc5 Nd4 26. Qa4 Rxc5 27. Qxe8 Rxe8 28. Bf1 b5
29. cxb5 Bb6 30. Bd3 e4 31. Bf1 Nc2 32. Bd2 e3 33. fxe3 Nxe3 34. Kh1 Nxf1 35.
Rxf1 Rxd5 36. Bh6 Rh5 37. Re2 Rb8 38. Bf4 Rf8 39. Rf3 Rxb5 40. Bxd6 Rd8 41. Bg3
Rb1+ 42. Kh2 Bg1+ 43. Kh1 Bc5+ 44. Kh2 a4 45. Bf2 Bd6+ 46. Bg3 Bc5 47. Bf2 Bf8
48. Re4 Ra8 49. Rc4 Rb3 50. Rcc3 Rxc3 51. Rxc3 Bd6+ 52. Bg3 Be7 53. Rf3 h5 54.
h4 Ra6 55. Rd3 Kf7 56. Bf2 Rd6 57. Rc3 Rd5 58. Rc4 Bd6+ 59. g3 Ra5 60. Be1 Re5
61. Bf2 Ra5 62. Be1 Ra6 63. Bb4 Be5 64. Bc3 Bb8 65. Kg2 Ke6 66. Bb4 Ba7 67. Rc8
Bd4 68. Rd8 Ke5 69. g4 Ke4 70. Re8+ Kd3 71. Kg3 Kc2 72. Re4 Bf6 73. gxh5 gxh5
74. Re2+ Kd3 75. Kf3 Kc4 76. Re4+ Bd4 77. Re7 Kd3 78. Rh7 Rf6+ 79. Kg2 Rf2+ 80.
Kg3 Rf5 81. Rh6 Be5+ 82. Kg2 Bf6 83. Rh7 Ke2 84. Bd6 Bxh4 85. Ra7 Rg5+ 86. Kh3
Bf2 87. Rxa4 Rd5 88. Bb8 Kf1 89. Kh2 Rd3 90. Rf4 Rxa3 91. Be5 Ke2 92. Rc4 Kf3
93. Rf4+ Ke2 94. Re4+ Kd3 95. Rb4 Ra5 96. Bg3 Be3 97. Rb7 Ke2 98. Kh3 Ra1 99.
Rf7 Ra5 100. Re7 Kf3 101. Rf7+ Ke4 102. Re7+ Kd4 103. Re5 Ra3 104. Rxh5 Bf4 105.
Kg4 Bxg3 106. Rh3 1/2-1/2

[Event "China zt 3.5 2014"]
[Site "Zhongshan CHN"]
[Date "2014.10.27"]
[Round "2.3"]
[White "Zhou, Jianchao"]
[Black "Chu, Wei Chao"]
[Result "1-0"]
[WhiteTitle "GM"]
[BlackTitle "IM"]
[WhiteElo "2580"]
[BlackElo "2369"]
[WhiteFideId "8603537"]
[BlackFideId "8605661"]
[EventDate "2014.10.26"]

1. d4 g6 2. c4 Bg7 3. Nf3 d6 4. Nc3 Nc6 5. d5 Na5 6. Bd2 c5 7. e4 Nf6 8. a3 b6
9. b4 Nb7 10. h3 Bd7 11. Bd3 cxb4 12. axb4 a5 13. b5 Nc5 14. Bc2 Qc7 15. Ra3
Nfxe4 16. Nxe4 Nxe4 17. Bxe4 Qxc4 18. Bd3 Qxd5 19. Qe2 Rc8 20. O-O e5 21. Be3 e4
22. Bxb6 f5 23. Nd2 Qb7 24. Qe3 O-O 25. Rxa5 f4 26. Qxe4 d5 27. Qf3 Qxb6 28. Ra6
Qb7 29. Rd6 Rc3 30. Rxd5 Kh8 31. Rb1 Qc8 32. Ne4 Ra3 33. Nd6 Qa8 34. Nc4 Be6 35.
Rd6 Qxf3 36. gxf3 Bxc4 37. Bxc4 Rxf3 38. b6 Be5 39. Rd3 Rxd3 40. Bxd3 Kg7 41. b7
Bb8 42. Rc1 Rf7 43. Be4 Rc7 44. Rb1 Re7 45. Bf3 Kf6 46. Rd1 Re8 47. Rc1 Ke7 48.
Rc8 Rd8 49. Kg2 h5 50. h4 Ba7 51. Be4 Rd4 52. Ra8 1-0

[Event "China zt 3.5 2014"]
[Site "Zhongshan CHN"]
[Date "2014.10.27"]
[Round "2.4"]
[White "Bai, Jinshi"]
[Black "Zhao, Jun"]
[Result "0-1"]
[WhiteTitle "IM"]
[BlackTitle "GM"]
[WhiteElo "2406"]
[BlackElo "2578"]
[WhiteFideId "8602280"]
[BlackFideId "8602522"]
[EventDate "2014.10.26"]

1. d4 Nf6 2. c4 e6 3. g3 d5 4. Nf3 dxc4 5. Bg2 c5 6. O-O Nc6 7. dxc5 Qxd1 8.
Rxd1 Bxc5 9. Nbd2 c3 10. bxc3 O-O 11. Nb3 Be7 12. c4 Bd7 13. Bb2 Rfc8 14. Bxf6
Bxf6 15. Rxd7 Bxa1 16. Nxa1 Rd8 17. Rd3 Nb4 18. Ne1 Nxd3 19. exd3 Rab8 20. Nb3
Rd6 21. Kf1 Ra6 22. Nc1 Rb6 23. Nb3 Ra6 24. Nc1 Rb6 25. Nb3 a5 26. Nxa5 Ra8 27.
Nxb7 Rxa2 28. Nc5 Rbb2 29. d4 Rxf2+ 30. Kg1 Rfe2 31. Ncd3 Ra1 32. Kf1 Rd2 33.
Nf2 Rxd4 34. c5 Rd2 35. c6 f5 36. Bf3 Rc1 37. Nh3 e5 38. g4 fxg4 39. Bxg4 Rxh2
40. Nf2 Rxc6 41. Ned3 Rc2 42. Kg1 Rh6 43. Nxe5 Rf6 44. Bf3 g6 45. Kg2 Kg7 46.
Kg3 Ra2 47. Nfd3 Ra3 48. Be4 Ra1 49. Bf3 Rg1+ 50. Bg2 h5 51. Nf3 Ra1 52. Nc5 Kh6
53. Ne4 Rf8 54. Bh3 Ra5 55. Nd4 Ra3+ 56. Kg2 Rf4 57. Nb5 Ra2+ 58. Kg1 Rxe4 59.
Nc3 Re1+ 0-1

[Event "China zt 3.5 2014"]
[Site "Zhongshan CHN"]
[Date "2014.10.27"]
[Round "2.5"]
[White "Xiu, Deshun"]
[Black "Wang, Jue"]
[Result "1-0"]
[WhiteTitle "GM"]
[BlackTitle "WGM"]
[WhiteElo "2553"]
[BlackElo "2353"]
[WhiteFideId "8603693"]
[BlackFideId "8604070"]
[EventDate "2014.10.26"]

1. Nf3 Nf6 2. c4 g6 3. Nc3 Bg7 4. e4 d6 5. d4 O-O 6. h3 e5 7. d5 Na6 8. Be3 Nh5
9. a3 f5 10. b4 Nb8 11. Rc1 Nf4 12. g3 fxe4 13. Nd2 Nd3+ 14. Bxd3 exd3 15. Nde4
Nd7 16. Qxd3 Nf6 17. g4 a5 18. b5 b6 19. Ke2 Qe7 20. Rcg1 Bd7 21. f3 Rae8 22.
Rg3 Nxe4 23. Nxe4 Bf6 24. Rg2 Qf7 25. h4 Bg7 26. Bd2 h6 27. Rg3 Kh8 28. Be3 Qe7
29. Qd2 Kh7 30. Qc2 Kh8 31. Qc1 Kh7 32. Qg1 Rf4 33. Qb1 Kh8 34. Qd3 Rf7 35. Kd1
Qf8 36. Qe2 Kg8 37. Kc2 Kh8 38. Kb3 Ree7 39. a4 Re8 40. Qg2 Ree7 41. Rf1 Re8 42.
Qc2 Qe7 43. Qh2 Kg8 44. Qg1 Qf8 45. g5 h5 46. Nf6+ Kh8 47. Nxe8 Qxe8 48. Re1 Qf8
49. Qf2 Bg4 50. Rf1 Bf5 51. Qe2 Re7 52. Bd2 Qe8 53. Bc3 Kh7 54. Re1 Kh8 55. Rg2
Kh7 56. Qb2 Qf7 57. f4 e4 58. Bxg7 Qxg7 59. Qxg7+ Kxg7 60. Rge2 Kf8 61. Kc3 Kg8
62. Kd4 Kf8 63. Rxe4 Bxe4 64. Rxe4 Rf7 65. Ke3 Kg7 66. Re6 Kh7 67. f5 1-0

[Event "China zt 3.5 2014"]
[Site "Zhongshan CHN"]
[Date "2014.10.27"]
[Round "2.6"]
[White "Fang, Yuxiang"]
[Black "Gao, Rui"]
[Result "1/2-1/2"]
[BlackTitle "GM"]
[WhiteElo "2325"]
[BlackElo "2523"]
[WhiteFideId "8605840"]
[BlackFideId "8602387"]
[EventDate "2014.10.26"]

1. Nf3 Nf6 2. c4 g6 3. Nc3 Bg7 4. e4 c5 5. g3 Nc6 6. Bg2 O-O 7. O-O d6 8. d3 a6
9. a4 Bg4 10. h3 Bxf3 11. Bxf3 Nd7 12. Be3 Nde5 13. Be2 Rb8 14. Kg2 e6 15. f4
Nd7 16. Bf3 Nd4 17. Rb1 Re8 18. Qd2 Qa5 19. Qd1 Nxf3 20. Rxf3 Bxc3 21. bxc3 Qxc3
22. Bd2 Qg7 23. Qb3 f6 24. Bc3 Qf7 25. a5 d5 26. cxd5 exd5 27. Qxd5 Qxd5 28.
exd5 Kf7 29. Rf2 b5 30. axb6 Rxb6 31. Ra1 Rd6 32. Rd2 Rxd5 33. Rxa6 Re3 34. Kf2
Rdxd3 35. Rxd3 Rxd3 36. Be1 Ke7 37. Ke2 Rd6 38. Ra7 Re6+ 39. Kd2 f5 40. g4 Re4
41. gxf5 gxf5 42. Bh4+ Ke6 43. Bg5 Rd4+ 44. Kc2 h5 45. h4 Nb6 46. Rh7 Nd5 47.
Rh6+ Kf7 48. Rxh5 Nxf4 49. Rh7+ Ke6 50. h5 Nh3 51. Be3 Re4 52. Rh8 Kf7 53. Bd2
f4 54. Rc8 Re5 55. h6 Kg6 56. Rc6+ Kh7 57. Rf6 Re4 58. Kd3 Rd4+ 59. Kc3 Ng5 60.
Rxf4 Ne4+ 61. Rxe4 Rxe4 62. Bg5 Kg6 63. Bd8 Kxh6 64. Bb6 c4 65. Bd4 Kg6 66. Kxc4
Kf5 67. Kd5 Re6 68. Bc5 Ra6 69. Bd4 Kf4 70. Bc5 Kf3 71. Bd4 Ke2 72. Bg7 Kd3 73.
Ke5 Rg6 74. Bf6 Kc4 75. Be7 Rg8 76. Kf4 Kd3 77. Bc5 Rg7 78. Bd6 Rf7+ 79. Ke5 Kc4
80. Ba3 Rf3 81. Bd6 Rd3 82. Bc7 Rd5+ 83. Ke4 Rd7 84. Be5 Re7 85. Kf4 Kd5 86. Bc3
Rf7+ 87. Ke3 Rh7 88. Bf6 Rh3+ 89. Kf4 Ke6 90. Bd4 Rh4+ 91. Ke3 Kd5 92. Bf6 Ra4
93. Bb2 Rb4 94. Bf6 Rb7 95. Ba1 Ke6 96. Ke4 Rb4+ 97. Bd4 Ra4 98. Ke3 Kf5 99. Bb2
Re4+ 100. Kd3 Kf4 101. Bc1+ Kf3 102. Bb2 Re2 103. Bc3 Re8 104. Kd4 Rd8+ 105. Ke5
Ke3 106. Ba5 Rb8 107. Bc7 Rb5+ 108. Kf6 Ke4 109. Ke6 Rc5 110. Kd6 Rd5+ 111. Ke6
Rd3 112. Bb6 Rb3 113. Bc7 Rb5 114. Bd8 Rh5 115. Kf6 Rh8 116. Be7 Re8 117. Bb4
Re5 118. Bc3 Rf5+ 119. Ke6 Rc5 1/2-1/2

[Event "China zt 3.5 2014"]
[Site "Zhongshan CHN"]
[Date "2014.10.27"]
[Round "2.7"]
[White "Dai, Changren"]
[Black "Wan, Yunguo"]
[Result "1/2-1/2"]
[BlackTitle "IM"]
[WhiteElo "2283"]
[BlackElo "2489"]
[WhiteFideId "8608156"]
[BlackFideId "8603189"]
[EventDate "2014.10.26"]

1. e4 c5 2. Nf3 Nc6 3. Nc3 g6 4. d4 cxd4 5. Nxd4 Bg7 6. Be3 Nf6 7. Bc4 d6 8. f3
Qb6 9. Bb5 Qc7 10. Nd5 Nxd5 11. exd5 a6 12. Bxc6+ bxc6 13. Nxc6 Bb7 14. Bd4 Bxd4
15. Qxd4 O-O 16. O-O-O Bxc6 17. dxc6 Qxc6 18. h4 Rfc8 19. Rd2 Qb5 20. h5 1/2-1/2

[Event "China zt 3.5 2014"]
[Site "Zhongshan CHN"]
[Date "2014.10.27"]
[Round "2.8"]
[White "Wu, Xibin"]
[Black "Lin, Chen"]
[Result "1-0"]
[WhiteTitle "IM"]
[BlackTitle "IM"]
[WhiteElo "2278"]
[BlackElo "2463"]
[WhiteFideId "8600309"]
[BlackFideId "8602298"]
[EventDate "2014.10.26"]

1. c4 Nf6 2. Nc3 g6 3. g3 Bg7 4. Bg2 O-O 5. e3 Nc6 6. Nge2 d6 7. O-O e5 8. d3
Bd7 9. b3 Rb8 10. Bb2 a6 11. Qd2 Re8 12. Rae1 Qc8 13. e4 Nd4 14. Nxd4 exd4 15.
Nd5 c5 16. Nb6 Qc7 17. Nxd7 Nxd7 18. Bh3 b5 19. Bc1 bxc4 20. dxc4 Ne5 21. f4 Nc6
22. Bg2 Qd7 23. Ba3 a5 24. e5 Nb4 25. Bxb4 axb4 26. Bd5 Kh8 27. Qg2 Re7 28. Bc6
Qe6 29. exd6 Qxe1 30. Rxe1 Rxe1+ 31. Kf2 Re6 32. Qd5 Rd8 33. Bd7 Re3 34. Qxc5
Bf6 35. Bb5 Re6 36. d7 Kg8 37. Qd5 1-0

[Event "China zt 3.5 2014"]
[Site "Zhongshan CHN"]
[Date "2014.10.27"]
[Round "2.9"]
[White "Wang, Yiye"]
[Black "Fang, Yan"]
[Result "1/2-1/2"]
[WhiteTitle "IM"]
[WhiteElo "2422"]
[BlackElo "2267"]
[WhiteFideId "8606021"]
[BlackFideId "8604746"]
[EventDate "2014.10.26"]

1. e4 c5 2. Nf3 e6 3. c3 d5 4. exd5 Qxd5 5. d4 Nc6 6. Be2 cxd4 7. cxd4 Nf6 8.
Nc3 Qd8 9. O-O Be7 10. Bg5 O-O 11. Bd3 b6 12. Bxf6 Bxf6 13. Be4 Bb7 14. d5 exd5
15. Nxd5 Bxb2 16. Rb1 f5 17. Bc2 Na5 18. Nxb6 Qxb6 19. Bb3+ Nxb3 20. Rxb2 1/2-1/2

[Event "China zt 3.5 2014"]
[Site "Zhongshan CHN"]
[Date "2014.10.27"]
[Round "2.10"]
[White "Xu, Xiangyu"]
[Black "Lei, Tingjie"]
[Result "0-1"]
[BlackTitle "WGM"]
[WhiteElo "2152"]
[BlackElo "2421"]
[WhiteFideId "8608288"]
[BlackFideId "8605114"]
[EventDate "2014.10.26"]

1. e4 c5 2. Qh5 Nf6 3. Qxc5 Nxe4 4. Qe3 Nf6 5. d4 Nc6 6. c3 g6 7. Nf3 Bg7 8. Bd3
d6 9. Qe2 O-O 10. O-O e5 11. Bg5 Qc7 12. Nbd2 Nh5 13. dxe5 dxe5 14. Bc4 Kh8 15.
Be3 f5 16. Bc5 Re8 17. Rad1 Nf4 18. Qe3 Bh6 19. Nd4 Nxd4 20. Bxd4 Bd7 21. Bc5
Qc6 22. Ne4 fxe4 23. Kh1 b6 24. Bf7 bxc5 25. Bxe8 Rxe8 26. g3 Bg4 0-1

[Event "China zt 3.5 2014"]
[Site "Zhongshan CHN"]
[Date "2014.10.27"]
[Round "2.11"]
[White "Wang, Chen"]
[Black "Xu, Zhihang"]
[Result "1/2-1/2"]
[WhiteTitle "IM"]
[WhiteElo "2508"]
[BlackElo "2119"]
[WhiteFideId "8601020"]
[BlackFideId "8611572"]
[EventDate "2014.10.26"]

1. e4 c5 2. Nc3 Nc6 3. Nge2 g6 4. Ng3 Bg7 5. Bc4 e6 6. d3 Nge7 7. Bb3 d5 8. O-O
O-O 9. Re1 Qd6 10. a3 d4 11. Nb1 e5 12. Nd2 a6 13. Ndf1 b5 14. Bd2 Be6 15. Bxe6
Qxe6 16. f4 exf4 17. Bxf4 Ne5 18. Nd2 N7c6 19. Nf3 Qg4 20. Bxe5 Bxe5 21. Nf1
Rfe8 22. Qd2 Qf4 23. Qf2 Kg7 24. Ng3 Qf6 25. Rf1 Qd6 26. Ne2 f6 27. Qh4 Nd8 28.
Nxe5 fxe5 29. Rf3 Qe7 30. Qg4 Qe6 31. Qg5 Qe7 32. Qg3 Nc6 33. Raf1 1/2-1/2

[Event "China zt 3.5 2014"]
[Site "Zhongshan CHN"]
[Date "2014.10.27"]
[Round "2.12"]
[White "Xiang, Zeyu"]
[Black "Ju, Wenjun"]
[Result "1/2-1/2"]
[BlackTitle "WGM"]
[WhiteElo "2107"]
[BlackElo "2582"]
[WhiteFideId "8608547"]
[BlackFideId "8603006"]
[EventDate "2014.10.26"]

1. d4 f5 2. g3 Nf6 3. Bg2 g6 4. Nh3 d6 5. O-O c6 6. c4 Bg7 7. Nc3 O-O 8. d5 Bd7
9. Qb3 Qb6 10. dxc6 Nxc6 11. Qxb6 axb6 12. Nf4 Na5 13. Nfd5 Nxd5 14. Nxd5 Nxc4
15. Nxe7+ Kh8 16. Bxb7 Rae8 17. Nd5 b5 18. Nc3 b4 19. Nd5 Rxe2 20. Ba6 Re4 21.
Bxc4 Rxc4 22. Nb6 Rc7 23. Bf4 Rb7 24. Nxd7 Rxd7 25. Rad1 d5 26. a3 bxa3 27. bxa3
Ra8 28. Rd3 Bf8 29. Rfd1 Ra5 30. a4 Kg8 31. Be3 Rxa4 32. Rxd5 Rxd5 33. Rxd5 1/2-1/2

[Event "China zt 3.5 2014"]
[Site "Zhongshan CHN"]
[Date "2014.10.27"]
[Round "2.13"]
[White "Ma, Zhonghan"]
[Black "Lan, Zilun"]
[Result "1-0"]
[WhiteElo "2471"]
[BlackElo "2147"]
[WhiteFideId "8607206"]
[BlackFideId "8604193"]
[EventDate "2014.10.26"]

1. e4 d6 2. d4 g6 3. Nf3 Bg7 4. Nc3 Nf6 5. Be2 c6 6. O-O O-O 7. Bg5 h6 8. Bf4
Nbd7 9. Qd2 Kh7 10. Rad1 Qc7 11. e5 Nh5 12. exd6 exd6 13. Ne4 Nxf4 14. Qxf4 Qb6
15. Nxd6 Qxb2 16. Bc4 f5 17. Be6 Rf6 18. Qh4 Ne5 19. Ng5+ Kh8 20. dxe5 Rxe6 21.
Ndf7+ Kg8 1-0

[Event "China zt 3.5 2014"]
[Site "Zhongshan CHN"]
[Date "2014.10.27"]
[Round "2.14"]
[White "Zhao, Zhouqiao CHN"]
[Black "Jia, Haoxiang"]
[Result "0-1"]
[WhiteTitle "FM"]
[BlackTitle "IM"]
[WhiteElo "2228"]
[BlackElo "2424"]
[WhiteFideId "8608342"]
[BlackFideId "8602999"]
[EventDate "2014.10.26"]

1. d4 d5 2. c4 c6 3. Nf3 Nf6 4. e3 Bf5 5. Bd3 e6 6. Bxf5 exf5 7. O-O Bd6 8. Qb3
Qc7 9. Nc3 dxc4 10. Qxc4 O-O 11. g3 Nbd7 12. Qd3 g6 13. Bd2 Rfe8 14. Rfc1 a6 15.
Rab1 Ne4 16. Be1 Ndf6 17. Nd2 Qe7 18. Ncxe4 fxe4 19. Qb3 Rad8 20. Nc4 Bb8 21.
Na5 Rd7 22. Kg2 h5 23. Bb4 Qd8 24. Be1 Qc8 25. Nc4 Bc7 26. Ba5 b5 27. Nb6 Bxb6
28. Bxb6 Rd5 29. Qc2 Qf5 30. Qe2 Re6 31. Rc2 Nd7 32. Ba7 h4 33. Rbc1 Qf6 34. g4
Nf8 35. f4 exf3+ 36. Qxf3 Qg5 37. Qf4 Rxe3 38. Qxg5 Rxg5 39. d5 c5 40. b4 Rxd5
41. bxc5 Re8 42. c6 Ne6 43. c7 Rc8 44. Bb6 Kf8 45. Ba5 Ke8 46. Rc6 Rd4 47. Bb6
Rxg4+ 48. Kf3 Rc4 49. R1xc4 bxc4 50. Rxc4 Kd7 51. Rxh4 Kc6 52. Be3 Rxc7 53. Rh7
Kd5 54. h4 f5 55. Rxc7 Nxc7 56. h5 gxh5 57. Kf4 Ke6 58. Kg5 Nd5 59. Bf2 Nc3 60.
Kxh5 Nxa2 61. Bb6 Ke5 62. Kh4 Kf4 63. Bc7+ Kf3 64. Kg5 Ke4 65. Kh4 f4 66. Kg4 f3
67. Bb6 Nb4 68. Kg3 Nd5 69. Ba7 a5 70. Kf2 a4 71. Bc5 Nf4 72. Be7 Nd3+ 73. Kf1
Ne5 74. Kf2 Nc4 75. Bb4 a3 76. Bc3 Nb2 77. Kf1 Kd3 78. Bf6 Kc2 0-1

[Event "China zt 3.5 2014"]
[Site "Zhongshan CHN"]
[Date "2014.10.27"]
[Round "2.15"]
[White "Yuan, Qingyu"]
[Black "Zhao, Yuanhe"]
[Result "0-1"]
[WhiteElo "2358"]
[BlackElo "2091"]
[WhiteFideId "8609772"]
[BlackFideId "8609497"]
[EventDate "2014.10.26"]

1. d4 Nf6 2. c4 g6 3. Nc3 d5 4. Bg5 Ne4 5. Bh4 Nxc3 6. bxc3 Bg7 7. Nf3 dxc4 8.
Qa4+ Nd7 9. e3 O-O 10. Qxc4 c5 11. Be2 cxd4 12. exd4 Nb6 13. Qd3 Be6 14. O-O Bc4
15. Qd2 Qd5 16. Rfe1 Bxe2 17. Qxe2 e6 18. Nd2 Rac8 19. Ne4 Rc6 20. Bf6 Nd7 21.
Bxg7 Kxg7 22. Rab1 Nb6 23. Nc5 Nd7 24. Ne4 Nb6 25. h3 Rc7 26. Rb3 Nc4 27. Qf3
Qf5 28. Qe2 b6 29. Reb1 Qd5 30. Rb5 Qd7 31. R5b3 a6 32. Rd1 Qd5 33. Rd3 Rc6 34.
Rb1 Nd6 35. Ng3 Rfc8 36. Rb3 h5 37. Rf3 b5 38. Nf1 Nf5 39. Ne3 Nxe3 40. Rxe3 Rc4
41. Ra3 Qd6 42. Rb3 b4 43. Qd2 bxc3 44. Rbxc3 Rxc3 45. Rxc3 Qb4 46. Rd3 Qb1+ 47.
Kh2 Rc2 48. Qe3 Rxf2 49. d5 Qf1 50. Qd4+ Kh7 51. Rg3 exd5 52. Qxd5 Rf5 53. Qd6
Qe1 54. Rf3 Rxf3 55. gxf3 Qf2+ 56. Kh1 Qxf3+ 57. Kg1 Qe3+ 58. Kh1 Qxh3+ 59. Kg1
Qe3+ 0-1

[Event "China zt 3.5 2014"]
[Site "Zhongshan CHN"]
[Date "2014.10.27"]
[Round "2.16"]
[White "Yang, Jie"]
[Black "Lin, Yi"]
[Result "0-1"]
[WhiteElo "2325"]
[BlackElo "2013"]
[WhiteFideId "8602336"]
[BlackFideId "8609659"]
[EventDate "2014.10.26"]

1. d4 Nf6 2. c4 g6 3. Nf3 Bg7 4. g3 d5 5. Bg2 dxc4 6. O-O O-O 7. Ne5 c5 8. dxc5
Qc7 9. Nxc4 Qxc5 10. Nba3 Nc6 11. Qa4 Be6 12. b4 Qh5 13. Bb2 a6 14. Bf3 Ng4 15.
Bxg4 Bxg4 16. Bxg7 Kxg7 17. f3 Bh3 18. g4 Qg5 19. Qc2 Bxf1 20. Rxf1 Rad8 21. h3
Kg8 22. Qe4 Rd4 23. Qc2 b5 24. e3 Rxc4 25. Nxc4 bxc4 26. f4 Qd5 0-1

[Event "China zt 3.5 2014"]
[Site "Zhongshan CHN"]
[Date "2014.10.27"]
[Round "2.17"]
[White "Liu, Yan"]
[Black "Nie, Xinyang"]
[Result "1-0"]
[WhiteElo "2364"]
[BlackElo "1911"]
[WhiteFideId "8608962"]
[BlackFideId "8607222"]
[EventDate "2014.10.26"]

1. d4 d5 2. c4 e6 3. Nc3 Nf6 4. Nf3 c6 5. e3 Bd6 6. Bd3 O-O 7. e4 dxe4 8. Nxe4
Nxe4 9. Bxe4 Nd7 10. O-O Qc7 11. Bc2 Re8 12. Qd3 Nf8 13. c5 Bf4 14. Bxf4 Qxf4
15. g3 Qh6 16. Ne5 Nd7 17. Rfe1 Rd8 18. Ng4 Qh5 19. Qe2 Kh8 20. Rad1 b6 21. Be4
bxc5 22. Bxc6 Rb8 23. dxc5 Qg5 24. Ne5 1-0

[Event "China zt 3.5 2014"]
[Site "Zhongshan CHN"]
[Date "2014.10.27"]
[Round "2.18"]
[White "Li, Hanbin"]
[Black "Liu, Zhaoqi"]
[Result "1-0"]
[WhiteElo "2257"]
[BlackElo "2073"]
[WhiteFideId "8602670"]
[BlackFideId "8609381"]
[EventDate "2014.10.26"]

1. e4 e6 2. d4 d5 3. Nc3 Bb4 4. e5 c5 5. dxc5 Qc7 6. Nf3 Bd7 7. Bd3 Nc6 8. O-O
Bxc3 9. bxc3 Nge7 10. Re1 Ng6 11. Qe2 O-O 12. h4 f5 13. h5 Nh8 14. c4 Ne7 15.
Bg5 Bc6 16. Nd4 Qd7 17. Nb5 Nf7 18. Bd2 h6 19. Nd6 Ng5 20. Bxg5 hxg5 21. Qe3 g4
22. Qg5 dxc4 23. Bxc4 Nd5 24. Rad1 Qd8 25. Qg6 Qe7 26. Bxd5 Bxd5 27. Rxd5 exd5
28. Nxf5 Qc7 29. e6 Rf6 30. Qxg4 Re8 31. e7 g6 32. Qg5 Qa5 33. Qxf6 Qxe1+ 34.
Kh2 1-0

[Event "China zt 3.5 2014"]
[Site "Zhongshan CHN"]
[Date "2014.10.27"]
[Round "2.19"]
[White "Peng, Hongchi"]
[Black "Bao, Qilin"]
[Result "0-1"]
[WhiteElo "2144"]
[BlackElo "2249"]
[WhiteFideId "8609047"]
[BlackFideId "8605750"]
[EventDate "2014.10.26"]

1. e4 c5 2. Nf3 Nc6 3. Bb5 d6 4. O-O Bd7 5. c3 Nf6 6. Re1 a6 7. Bf1 Bg4 8. h3
Bxf3 9. Qxf3 e5 10. d3 Be7 11. Be3 O-O 12. Na3 Nd7 13. Nc2 Bf6 14. Rad1 Qa5 15.
Qg4 Rfd8 16. a3 Qa4 17. Qe2 Nf8 18. Bc1 Ne6 19. Ne3 Ne7 20. Nd5 Nxd5 21. exd5
Nf4 22. Qe4 Qb3 23. Bxf4 exf4 24. Qc4 Qxc4 25. dxc4 Be5 26. Rd2 h6 27. Be2 g6
28. Kf1 Kg7 29. Bf3 Rd7 30. Ke2 h5 31. Kd3 f5 32. b4 Rc7 33. Rb2 b5 34. cxb5
cxb4 35. Rb3 bxc3 36. b6 Rc5 37. Kc2 Rb8 38. Reb1 Rb7 39. Rb4 Kf6 40. a4 a5 41.
R4b3 Rc4 42. Ra3 Rb4 43. Rxb4 axb4 44. Rb3 Rxb6 45. Be2 Bd4 46. f3 Rb8 47. Bb5
Bc5 48. Bc6 Rb6 49. Rb1 g5 50. a5 Ra6 51. Ra1 Ra7 52. a6 Re7 53. Kb3 Re2 54. Kc4
Rb2 55. Ba4 Rxg2 56. Bb3 Rb2 57. Rc1 g4 58. hxg4 hxg4 0-1

[Event "China zt 3.5 2014"]
[Site "Zhongshan CHN"]
[Date "2014.10.27"]
[Round "2.20"]
[White "Chen, Qi b"]
[Black "Zhang, Xiaopeng"]
[Result "0-1"]
[WhiteElo "1925"]
[BlackElo "2228"]
[WhiteFideId "8614733"]
[BlackFideId "8604037"]
[EventDate "2014.10.26"]

1. e4 c5 2. Nf3 Nc6 3. Bb5 e6 4. O-O Nge7 5. Re1 Nd4 6. Bf1 Nec6 7. c3 Nxf3+ 8.
Qxf3 Be7 9. d3 O-O 10. Na3 d6 11. Nc2 e5 12. Ne3 Bg5 13. Nc4 Bxc1 14. Raxc1 Be6
15. a3 f5 16. exf5 Rxf5 17. Qe2 Qd7 18. b4 b6 19. b5 Ne7 20. d4 Ng6 21. Qd2 exd4
22. cxd4 Rd5 23. Qe3 Bf7 24. dxc5 dxc5 25. Qg3 Rd8 26. a4 Rd4 27. h3 Qf5 28. a5
Bxc4 29. Bxc4+ Kh8 30. axb6 axb6 31. Qc7 Rf8 32. Qg3 Nf4 33. Bf1 Rd6 34. Kh2 Rd4
35. Kg1 h6 36. Be2 h5 37. Bf1 Rf6 38. Re8+ Kh7 39. Qb3 Nxh3+ 40. gxh3 Qg6+ 41.
Qg3 Qxe8 0-1